000 00482nam a2200205 a 4500
001 10897
003 CO-ViMGA
008 141112s2004 ck r 000 u spa d
020 _a8472233243
040 _aCO-ViMGA
_bspa
_cCO-ViMGA
082 0 4 _a843.91 B17m
100 1 _aBataille, Georges
_914932
245 1 0 _aMadame Edwarda
250 _a2
300 _a127 p.
490 _aLa sonrisa vertical
500 _aFecha : 1988
650 1 4 _aNOVELA FRANCESA
_92629
942 _2ddc
_cBK
999 _c22117
_d22117